00533nam a2200193 a 4500001001300000003000900013005001700022008004100039020002300080082001500103100002300118245006600141260003300207300000900240500003500249505001000284650002200294700002300316nice12345678IN_TiNIC20260116014017.0121121s1997 inda grp 000 0 eng  a9780143031086c39900a949.5bDAL aDalrymple, William aFrom the Holy Mountainb A Journey in the Shadow of Byzantium aIndia bPenguin Books c1997 a483p aincludes index and biblioraphy2 aIndex aByzantine-History1 aDalrymple, William